|
|
|
|
| LEADER |
00000nam0a2200000 4500 |
| 001 |
242711 |
| 005 |
20231101231919.0 |
| 010 |
|
|
|a 9785939131797
|
| 010 |
|
|
|a 0-7506-7785-6
|
| 035 |
|
|
|a (RuTPU)RU\TPU\book\264029
|
| 035 |
|
|
|a RU\TPU\book\149788
|
| 090 |
|
|
|a 242711
|
| 100 |
|
|
|a 20130909d2012 km y0rusy50 ca
|
| 101 |
1 |
|
|a rus
|c eng
|
| 102 |
|
|
|a RU
|
| 105 |
|
|
|a a g 001zy
|
| 200 |
1 |
|
|a Большой справочник инженера нефтегазодобычи: разработка месторождений, оборудование и технологии добычи
|e пер. с англ.
|f под ред. У. Лайонза, Г. Плизга
|
| 210 |
|
|
|a Санкт-Петербург
|c Профессия
|d 2012
|
| 215 |
|
|
|a 952 с.
|c ил.
|
| 225 |
1 |
|
|a Библиотека нефтяного инжиниринга
|
| 320 |
|
|
|a Библиография в конце глав.
|
| 330 |
|
|
|a Российским специалистам, занятым в нефтегазодобыче и смежных отраслях, предлагается перевод уникального справочника, написанного известными учеными и специалистами нефтедобывающих и инжиниринговых компаний.В нем обобщен многолетний опыт отрасли, рассмотрены как классические процедуры, так и новейшие разработки и ускоренные технологии. Сотни иллюстраций, таблиц, графиков и схем, удобный справочный аппарат позволяют специалистам оперативно находить практически любую информацию, касающуюся принципов нефтегазодобычи, выбора и производительности оборудования, а также формулы, примеры расчетов и другие полезные сведения.
|
| 606 |
1 |
|
|a Нефтегазодобывающая промышленность
|2 stltpush
|3 (RuTPU)RU\TPU\subj\45576
|9 64770
|
| 610 |
1 |
|
|a нефтегазовые месторождения
|
| 610 |
1 |
|
|a пластовые флюиды
|
| 610 |
1 |
|
|a нефтенасыщенные породы
|
| 610 |
1 |
|
|a нефть
|
| 610 |
1 |
|
|a газ
|
| 610 |
1 |
|
|a каротаж
|
| 610 |
1 |
|
|a углеводороды
|
| 610 |
1 |
|
|a углеводородные смеси
|
| 610 |
1 |
|
|a многофазные потоки
|
| 610 |
1 |
|
|a кольцевые структуры
|
| 610 |
1 |
|
|a пузырьковые структуры
|
| 610 |
1 |
|
|a естественный приток
|
| 610 |
1 |
|
|a двухфазная фильтрация
|
| 610 |
1 |
|
|a скважины
|
| 610 |
1 |
|
|a эксплуатация
|
| 610 |
1 |
|
|a механизированный способ
|
| 610 |
1 |
|
|a штанговые насосы
|
| 610 |
1 |
|
|a скважинное оборудование
|
| 610 |
1 |
|
|a газлифтная эксплуатация
|
| 610 |
1 |
|
|a гидроприводные насосы
|
| 610 |
1 |
|
|a гидропоршневые насосы
|
| 610 |
1 |
|
|a погружные насосы
|
| 610 |
1 |
|
|a винтовые насосы
|
| 610 |
1 |
|
|a интенсификация
|
| 610 |
1 |
|
|a коррозия
|
| 610 |
1 |
|
|a заканчивание
|
| 610 |
1 |
|
|a окружающая среда
|
| 610 |
1 |
|
|a факельные системы
|
| 610 |
1 |
|
|a промышленные стандарты
|
| 610 |
1 |
|
|a справочники
|
| 675 |
|
|
|a 622.323(035)
|v 3
|
| 702 |
|
1 |
|a Лайонз
|b У.
|4 340
|
| 702 |
|
1 |
|a Плизг
|b Г.
|4 340
|
| 801 |
|
1 |
|a RU
|b 63413507
|c 20080522
|g PSBO
|
| 801 |
|
2 |
|a RU
|b 63413507
|c 20151102
|g RCR
|
| 900 |
|
|
|a Разработка нефтяных и газовых месторождений
|
| 900 |
|
|
|a Промыслово-технологические модели процессов нефтегазодобычи
|
| 900 |
|
|
|a Техника и технология добычи и подготовки нефти и газа
|
| 900 |
|
|
|a Оборудование для добычи нефти
|
| 942 |
|
|
|c BK
|
| 959 |
|
|
|a 96/20130603
|d 5
|e 3500,00
|f УФ:5
|
| 959 |
|
|
|a 57/20150422
|d 2
|e 3500,00
|f УФ:2
|